00608nam a2200169 i 450000100060000000300090000600500170001500700030003200800410003510000330007624500690010926000630017830000220024185200320026399900170029595201260031296304ES-MaACL20230906181903.0t|050615s1961 sp ||||1| spa d1 aMahillo Santos, Juan.97553410aMutualismo en la administración local / cJuan Mahillo Santos. aBéjar (Salamanca) : b[s.n.], c1961 (fSánchez Guijo) a230 p. ; c20 cm. aES-MaACLjC-20764 bR.49432 c96304d96304 00104070aATENEOMbATENEOMcGaleríad2008-01-17eSCl0oC-20764p1100547r2023-02-23 00:00:00w2023-02-23yMONOGRAFIA